00676nam a22001932 4500001001100000005001700011008004100028020002700069040001500096100003200111245010600143260003600249300001600285650003800301650003800339650003800377700003500415700003200450000000841020151217145840.0080409s xx 000 0 eng d a0262511916 :cKES 2800 aKABUcKABU1 aAndersson, Eve.@000015771110aSoftware engineering for internet applications /cEve Andersson, Philip Greenspun, and Andrew Grumet. aLondon :bThe MIT press,c2006. aix, 398 p. 0aInternet programming.@0000154340 0aApplication software.@0000158972 0aSoftware engineering.@00001543111 aGreenspun, Philip.@00001577121 aGrumet, Andrew.@0000157713